000 00335nam a2200109Ia 4500
008 220120s9999||||xx |||||||||||||| ||und||
100 _aHegde, R.K and Murthy, Niranjana
245 0 _aElements of mechanical engineering
260 _aSapna book house
_bNew Delhi
_c2006
300 _a1542p.
_b200
650 _aINSTRUMENT AND MEASURMENTATION
999 _c136210
_d136210